Responses for Show #8144 - Thursday, January 23, 2020

Contestants

[<< previous game]

Christine DeLorme, an attorney from Washington, D.C.

Justin Weatherby, a business manager from New York, New York

John Cuevas, a slot floorperson from San Marcos, California (whose 1-day cash winnings total $29,001)

[next game >>]

Jeopardy! Round responses

ENTERING THE LANGUAGE
THE COUNTY LINE
NEW ON THE BOOKSHELF
HEAVEN'S KITCHEN
THE REST OF THE MOVIE'S TITLE
THE OPERATING THEATER
    $200 15
New Year's

John
    $200 20
Florida

Christine
    $200 12
angel's food

John
    $200 1
Pirates of the Caribbean

Justin
    $400 16
hashtag

Justin
    $400 21
Winnebago

John
    $5,000 28
[The end-of-round signal sounds.]

Syria

John
    $400 11
pretzels

John
    $400 3
Night at the Museum

Christine
    $400 2
Mayo

John
    $600 17
council

John
    $600 22
Arizona

John
    $600 26
(Hillary) Clinton

John
    $600 13
divinity

Christine
    $600 5
Dr. Strangelove

John
    $600 4
the Scorpions

John
    $800 18
opera glasses

Christine
    $800 23
(Justin: What is Roswell?)

Los Alamos

Justin
Triple Stumper
    $800 25
Ben Folds

Justin
    $800 14
Heavenly Hash

Christine
    $800 6
Master and Commander

John
    $800 8
the scrub nurse

Triple Stumper
    $1000 19
a gal pal

John
    $1000 24
(Alex: Less than a minute now.)

Leavenworth

John
    $1000 27
(Justin: Who is The Girl with the Dragon Tattoo?)
(Alex: No, we need the name.)
(Justin: Oh.)

Lisbeth Salander

JohnJustin
    $1000 10
(Justin: What is pylo? Fi--[*] dough?)
(Alex: Yes. "Filo" or "feelo.")

phyllo

Justin
    $1000 7
(Christine: What is "Lord Greystoke"?)
[Christine was ruled correct and the decision was reversed after the break while not treating it as an incorrect response.]

Greystoke

Triple Stumper
    $1000 9
(Christine: What is a stent?)
(Justin: What are gloves?)

sutures

JustinChristine
Triple Stumper

Scores at the first commercial break (after clue 15):

John Justin Christine
$3,200 $200 $800

Scores at the end of the Jeopardy! Round:

John Justin Christine
$13,400 -$400 $1,800

Double Jeopardy! Round responses

GET YOUR "B.A." DEGREE
NATIONAL COATS OF ARMS
BOOKS ABOUT ANCIENT HISTORY
PROVERBIALLY YOURS
PLACE-NAME NAMES
THE NON-OPERATING THEATER
    $400 21
a bowling alley

Christine
    $400 16
an elephant

John
    $400 17
the Peloponnesian

John
    $400 23
spring

John
    $400 24
Joaquin Phoenix

John
    $800 7
Buenos Aires

John
    $3,200 15
a prickly pear

John
    $800 18
Carthage

Christine
    $800 25
(Justin: What is butter side up?)
(Alex: No.)
(Justin: [*]?)
(Alex: Yes, you corrected yourself, good.)
[The decision was reversed after the break as Alex ruled before Justin corrected himself.]

butter side down

Justin
Triple Stumper
    $800 9
Winona Ryder

Justin
    $3,400 4
(John: What is a... bovine alley?)

black angus

John
    $1200 13
Belgium

John
    $1200 19
Stonehenge

John
    $1200 26
[The end-of-round signal sounds.]

love

Triple Stumper
    $1200 8
Savannah Guthrie

Christine
    $1200 2
(Yakov) Smirnoff

John
    $1600 3
Bronze Age

Triple Stumper
    $1600 12
an emu

John
    $1600 20
Ur

Triple Stumper
    $1600 5
(Naomi) Osaka

Christine
    $1600 1
P.T. Barnum

Justin
    $2000 6
Bismarck Archipelago

Triple Stumper
    $2000 14
(John: What are the Maldives?)

the Seychelles

John
Triple Stumper
    $2000 22
(Alex: [Prior to the clue's reveal] Less than a minute now.)

a woman scorned

John
    $2000 11
Brooklyn Decker

Triple Stumper
    $2000 10
kabuki

John

Scores at the end of the Double Jeopardy! Round:

John Justin Christine
$22,800 $1,200 $5,800
(lock game)

[wagering suggestions for these scores]

Final Jeopardy! Round responses

FAMOUS NAMES
JustinWho is Susan B. Anthony
$1,200
ChristineWho Susan B. Anthony?
$0
JohnWho is Susan B. Anthony?
$710
Susan B. Anthony

Final scores:

John Justin Christine
$23,510 $2,400 $5,800
2-day champion: $52,511 3rd place: $1,000 2nd place: $2,000

Game dynamics:

Coryat scores:

John Justin Christine
$19,200 $1,200 $5,800
27 R
(including 2 DDs),
2 W
(including 1 DD)
6 R,
4 W
9 R,
1 W

Combined Coryat: $26,200

[game clues] [game scores] [suggest correction]

Game tape date: 2019-11-13
The J! Archive is created by fans, for fans. Scraping, republication, monetization, and malicious use prohibited; this site may use cookies and collect identifying information. See terms. The Jeopardy! game show and all elements thereof, including but not limited to copyright and trademark thereto, are the property of Jeopardy Productions, Inc. and are protected under law. This website is not affiliated with, sponsored by, or operated by Jeopardy Productions, Inc. Join the discussion at JBoard.tv.